[Event "48th Capablanca Mem Premier"]
[Site "Havana CUB"]
[Date "2013.04.24"]
[Round "4.1"]
[White "Ordaz Valdes,L"]
[Black "Pazos Gambarrotti,P"]
[Result "1/2-1/2"]
[WhiteElo "2361"]
[BlackElo "2298"]

1.d4 Nf6 2.c4 e6 3.Nf3 d5 4.Nc3 c6 5.e3 Nbd7 6.Qc2 Bd6 7.Be2 O-O 8.O-O Qe7
9.c5 Bc7 10.e4 dxe4 11.Nxe4 Nxe4 12.Qxe4 Nf6 13.Qc2 Nd5 14.Bg5 f6 15.Bd2 Qf7
16.Rfe1 Bd7 17.Bd3 Qh5 18.Re4 Qf7 19.Rae1 g6 20.a3 Rad8 21.b4 Rfe8 22.Rh4 Bc8
23.a4 a6 24.Rg4 Kg7 25.Rge4 Kg8 26.R4e2 Bf4 27.Bc4 Bb8 28.h4 Kh8 29.Qb3 Re7
30.b5 axb5 31.axb5 Bc7 32.b6 Bb8 33.g3 Rde8 34.Bc1 Kg7 35.Bb2 h6 36.Nd2 g5
37.hxg5 hxg5 38.Kg2 Rh8 39.Qf3 Kf8 40.Rh1 Rxh1 41.Kxh1 Qg6 42.Bd3 f5 43.Nc4 Nf4
44.Re5 Rh7+ 45.Kg1 Nh3+ 46.Kf1 g4 47.Qe2 Ng5 48.Qxg4 Rh1+ 49.Ke2 Qh6 50.Qf4 Bxe5
51.dxe5 Bd7 52.Nd6 Be8 53.Bxf5 exf5 54.Qxf5+ Ke7 55.Nxe8 Qh5+ 56.g4 Qh3 57.Qxg5+ Kxe8
58.Qg8+ Ke7 59.Qg7+ Ke6 60.Qf6+ Kd5 61.Qd6+ Kc4 62.Qd4+ Kb3 63.Kd2 Qh6+ 64.Ke2 Qe6
65.Bc3 Qc4+ 66.Ke3 Qxc3+ 67.Qxc3+ Kxc3 68.Ke4 Kc4 69.g5 Kxc5 70.g6 Re1+ 71.Kf5 Kd5
72.f4 c5 73.g7 Rg1 74.Kf6 c4 75.e6 Rxg7 76.Kxg7 Kxe6 77.Kg6 c3 78.f5+ Kd7
79.f6 c2 80.f7 c1=Q 81.f8=Q Qg1+ 82.Kh5 Qxb6 83.Qf7+ Kc6 84.Qe6+ Kc7 85.Qf7+ Kb8
86.Qf8+ Ka7 87.Qa3+ Qa6 88.Qc5+ b6 89.Qe7+ Qb7 90.Qa3+ Kb8 91.Qf8+ Qc8 92.Qf4+ Kb7
93.Qf7+ Qc7 94.Qf3+ Qc6 95.Qf7+ Kc8 96.Qg8+ Kc7 97.Qg7+ Qd7 98.Qc3+ Qc6 99.Qg7+ Qd7
100.Qc3+ Kb7 101.Qf3+ Qc6 102.Qf7+ Kb8 103.Qg8+ Qc8 104.Qg3+ Qc7 105.Qg8+ Kb7
106.Qg2+ Kc8 107.Qg8+ Qd8 108.Qc4+ Kb8 109.Qf4+ Qc7 110.Qf8+ Kb7 111.Qf3+ Qc6
112.Qf7+ Kc8 113.Qg8+ Kd7 114.Qf7+ Kd8 115.Kh4 Qe4+ 116.Kg3 Qe5+ 117.Kf3 b5
118.Qb7 Qc3+ 119.Ke4 Qc4+ 120.Ke3 b4 121.Qb8+ Kd7 122.Qb7+ Kd6 123.Qb6+ Kd5
124.Qd8+ Kc5 125.Qa5+ Kc6 126.Qa8+ Kc7 127.Qa7+ Kc6 128.Qa8+ Kb5 129.Qe8+ Kb6
130.Qb8+ Ka6 131.Qa8+ Kb5 132.Qe8+ Qc6 133.Qxc6+ Kxc6 134.Kd3 Kb5 135.Kc2 Ka4
136.Kb2 b3 137.Kb1 Kb4  1/2-1/2

[Event "Zonal 2.5 2013"]
[Site "Montevideo URU"]
[Date "2013.04.24"]
[Round "8.2"]
[White "Mareco,S"]
[Black "Vasquez Schroeder,R"]
[Result "1/2-1/2"]
[WhiteElo "2580"]
[BlackElo "2547"]

1.d4 d5 2.c4 c6 3.Nf3 Nf6 4.Nc3 e6 5.e3 g6 6.c5 Nbd7 7.b4 a6 8.Bb2 Bg7 9.Bd3 O-O
10.h3 Qe7 11.Qc2 e5 12.dxe5 Nxe5 13.Nxe5 Qxe5 14.O-O Qe7 15.Ne2 Ne8 16.Bd4 Nc7
17.Qb2 Ne6 18.Bxg7 Nxg7 19.Nd4 Re8 20.Rfe1 Qf6 21.Rab1 Ne6 22.Nb3 Qh4 23.a3 Bd7
24.Na5 Rab8 25.Rbd1 Ng5 26.Bf1 Ne4 27.f3 Nf6 28.Qd4 Qxd4 29.exd4 Nh5 30.Kf2 Kf8
31.g3 Ng7 32.f4  1/2-1/2

[Event "Alekhine Mem"]
[Site "Paris/St Petersburg FRA/RUS"]
[Date "2013.04.24"]
[Round "4"]
[White "Vachier Lagrave,M"]
[Black "Anand,V"]
[Result "1/2-1/2"]
[WhiteElo "2722"]
[BlackElo "2783"]

1.d4 d5 2.c4 c6 3.Nf3 Nf6 4.Nc3 e6 5.e3 Nbd7 6.Qc2 Bd6 7.Bd3 O-O 8.O-O e5
9.cxd5 cxd5 10.e4 exd4 11.Nxd5 Nxd5 12.exd5 h6 13.Nxd4 Qh4 14.Nf3 Qh5 15.Bh7+ Kh8
16.Qf5 Qxf5 17.Bxf5 Nf6 18.Bxc8 Rfxc8 19.Be3 Rd8 20.Rfd1 Be7 21.d6 Rxd6 22.Re1 Bf8
23.Rac1 Nd5 24.Bc5 Ra6 25.Bxf8 Rxf8 26.Red1 Nf4 27.Rc7 Rxa2 28.g3 Ne6 29.Rxb7 Kg8
30.Ne5 Re8 31.Rd5 f6 32.Nc6 Kh7 33.Kg2 Rc8 34.Nd4 Nxd4 35.Rxd4 a5 36.Rdd7 Rg8
37.Rd6 Kg6 38.Ra6 h5 39.h4 Rc8 40.Raa7 Rc2 41.Rxg7+ Kf5 42.Rgb7 Rcxb2 43.Rxb2 Rxb2
44.Rxa5+ Kg6  1/2-1/2

[Event "TCh-CZE Extraliga 2012-13"]
[Site "Czech Republic CZE"]
[Date "2013.04.26"]
[Round "9.4"]
[White "Biolek,R1"]
[Black "Duda,J"]
[Result "0-1"]
[WhiteElo "2399"]
[BlackElo "2456"]

1.d4 d5 2.c4 e6 3.Nc3 c6 4.e3 Nf6 5.Nf3 Nbd7 6.Bd3 dxc4 7.Bxc4 b5 8.Bd3 Bd6
9.a4 b4 10.Ne2 Bb7 11.e4 Be7 12.Nf4 c5 13.d5 e5 14.Ne2 c4 15.Bxc4 Nxe4 16.Bb5 a6
17.Bc6 Bxc6 18.dxc6 Ndc5 19.Qxd8+ Rxd8 20.Nxe5 Bf6 21.Ng4 Nd3+ 22.Kf1 Bxb2
23.Bxb2 Nd2+ 24.Kg1 Nxb2 25.h4 Nbc4 26.Rh3 Rd6 27.Rc1 Kd8 28.Ne3 Nxe3 29.Rxe3 b3
30.Rc5 Kc8 31.Nc3 b2 32.Re1 Rd3 33.Nb1 Nxb1 34.Rxb1 Rd2 35.c7 Re8 36.Rc3 Ree2
37.Kh2 Rxf2 38.Kg3 Rxg2+ 39.Kf3 Rc2  0-1

[Event "TCh-CZE Extraliga 2012-13"]
[Site "Czech Republic CZE"]
[Date "2013.04.27"]
[Round "10.6"]
[White "Priehoda,V"]
[Black "Biolek,R2"]
[Result "0-1"]
[WhiteElo "2414"]
[BlackElo "2449"]

1.d4 e6 2.Nf3 Nf6 3.c4 d5 4.Nc3 c6 5.e3 Nbd7 6.Qc2 Bd6 7.b3 dxc4 8.Bxc4 b5
9.Bd3 a6 10.Ne4 Nxe4 11.Bxe4 Bb7 12.Bxh7 c5 13.Be4 Bxe4 14.Qxe4 Rc8 15.Bd2 Qb6
16.h3 Nf6 17.Qc2 Qb7 18.dxc5 Rxc5 19.Qb2 b4 20.Rc1 Rxc1+ 21.Qxc1 Ke7 22.Qd1 g5
23.Rg1 Ne4 24.Nd4 Bh2 25.Rf1 Be5 26.f3 Ng3 27.Rg1 f5 28.Kf2 Kf6 29.Re1 Rd8
30.Qc2 Qd5 31.Qc4 Qxc4 32.bxc4 f4 33.Nb3 a5 34.exf4 gxf4 35.Rd1 a4 36.Nc1 a3
37.Ke1 Bd4 38.Bxb4 e5 39.c5 Bf2+  0-1

[Event "48th Capablanca Open I 2013"]
[Site "Havana CUB"]
[Date "2013.04.28"]
[Round "7.34"]
[White "Gomez Fontal,F"]
[Black "Salgado Segui,Roberto"]
[Result "1/2-1/2"]
[WhiteElo "2373"]
[BlackElo "2226"]

1.d4 d5 2.Nf3 Nf6 3.c4 c6 4.Nc3 e6 5.e3 Nbd7 6.Bd3 dxc4 7.Bxc4 b5 8.Bb3 Be7
9.O-O a6 10.a3 Bb7 11.e4 c5 12.e5 Ng4  1/2-1/2

[Event "Nakhchivan Open A 2013"]
[Site "Nakhchivan AZE"]
[Date "2013.04.28"]
[Round "6.25"]
[White "Kazimova,N"]
[Black "Mammadova,G"]
[Result "1/2-1/2"]
[WhiteElo "2191"]
[BlackElo "2322"]

1.d4 d5 2.c4 c6 3.Nc3 Nf6 4.e3 e6 5.Nf3 Nbd7 6.Bd3 dxc4 7.Bxc4 b5 8.Bd3 Bb7
9.e4 b4 10.Na4 c5 11.e5 Nd5 12.Nxc5 Nxc5 13.dxc5 Bxc5 14.O-O h6 15.Nd2 Be7
16.Ne4 Qc7 17.Re1 Qxe5 18.Nc5 Qc7 19.Nxb7 Qxb7 20.Qa4+ Kf8 21.Bd2 g6 22.Be4 Rd8
23.Be3 Bf6 24.Rab1 Kg7 25.a3 a6 26.Bxd5 Rxd5 27.axb4 Rb8 28.h3 Qb5 29.Qa2 Bd4
30.Qa3 Rb6 31.Ra1 Qxb4 32.Qxb4 Rxb4 33.Rxa6 Rxb2 34.Ra3 Bf6 35.Ra7 Bd4 36.Ra3 Bxe3
37.Raxe3 Rf5 38.R1e2 Rxe2 39.Rxe2 Rb5 40.h4 g5 41.hxg5 hxg5 42.Kh2 Rb3 43.f3 Kf6
44.Re4 Rb2 45.Kh3 Rd2  1/2-1/2

[Event "2nd Jan Van Leeuwen Memorial"]
[Site "Ghent BEL"]
[Date "2013.04.30"]
[Round "6.6"]
[White "Van Haelst,Raymond"]
[Black "Schick,Jonathan"]
[Result "1-0"]
[WhiteElo "1816"]
[BlackElo "1656"]

1.d4 d5 2.Nf3 Nf6 3.c4 c6 4.Nc3 e6 5.e3 Nbd7 6.Bd3 dxc4 7.Bxc4 b5 8.Bd3 Bb7
9.O-O a6 10.Qe2 c5 11.Rd1 cxd4 12.Nxd4 Bc5 13.Bc2 O-O 14.e4 Qc7 15.Bg5 h6
16.Bh4 Rfe8 17.Bg3 Qb6 18.Nb3 Bf8 19.e5 Qc6 20.f3 Bc5+ 21.Nxc5 Qxc5+ 22.Kh1 Nd5
23.Nxd5 Bxd5 24.Rac1 Qa7 25.a4 b4 26.Be4 Bxe4 27.Qxe4 Rab8 28.Qc6 Nb6 29.Bf2 Qb7
30.Qxb7 Rxb7 31.Bxb6 Rxb6 32.Rc7 b3 33.Rdd7 Rf8 34.Rd6 Rfb8 35.Kg1 Rxd6 36.exd6 Rd8
37.Rc6 a5 38.Kf2 f5 39.f4 g5 40.Ke3 Kf7 41.Kd4 Kf6 42.g3 Rb8 43.Kc3 gxf4
44.gxf4 Rb4 45.Rc8 Kf7 46.d7  1-0

[Event "Mistrzostwa Malopolski A"]
[Site "Krakow POL"]
[Date "2013.04.30"]
[Round "3.13"]
[White "Zaboklicki,Z"]
[Black "Kondopoulos,D"]
[Result "0-1"]
[WhiteElo "1835"]
[BlackElo "2031"]

1.d4 d5 2.c4 c6 3.Nf3 Nf6 4.Nc3 e6 5.e3 Nbd7 6.Be2 dxc4 7.Bxc4 b5 8.Bd3 Bd6
9.e4 e5 10.dxe5 Nxe5 11.Nxe5 Bxe5 12.Ne2 O-O 13.f4 Bd4 14.e5 Bb6 15.exf6 Qxf6
16.Qc2 Bg4 17.Bd2 Rfe8 18.Kd1 Rad8 19.Re1 Rxd3 20.Qxd3 Rd8 21.Qxd8+ Qxd8
22.Kc1 f6 23.h3 Be6 24.Nc3 Kf7 25.g4 g6 26.Kc2 Bc4 27.Rad1 Qd3+ 28.Kc1 b4  0-1

[Event "Zonal 2.4 Absoluto 2013"]
[Site "Manaus BRA"]
[Date "2013.04.30"]
[Round "5.28"]
[White "De Oliveira,Victor Gabriel C."]
[Black "De Lima,Paulo Isaac Assis"]
[Result "1-0"]
[WhiteElo "2027"]
[BlackElo "1840"]

1.d4 d5 2.c4 c6 3.Nc3 Nf6 4.Nf3 e6 5.e3 Nbd7 6.Qc2 Be7 7.b3 O-O 8.Bb2 h6
9.Bd3 b6 10.O-O Bb7 11.e4 dxe4 12.Nxe4 Nxe4 13.Bxe4 f5 14.Bd3 Bf6 15.Rad1 Qc7
16.Rfe1 Rae8 17.b4 g6 18.c5 e5 19.dxe5 Nxe5 20.Nxe5 Bxe5 21.Bxe5 Rxe5 22.Bc4+ Rd5
23.cxb6 Qxb6 24.Bxd5+ cxd5 25.Re7 Rf7 26.Qe2 Qxb4 27.Re8+ Kh7 28.Qe5 Rg7
29.Qb8 g5 30.Rh8+ Kg6 31.Qe8+ Rf7 32.Qe6+ Rf6 33.Qe8+ Rf7 34.Re1  1-0

[Event "Alekhine Mem"]
[Site "Paris/St Petersburg FRA/RUS"]
[Date "2013.04.30"]
[Round "8"]
[White "Fressinet,L"]
[Black "Aronian,L"]
[Result "1/2-1/2"]
[WhiteElo "2706"]
[BlackElo "2809"]

1.d4 d5 2.c4 c6 3.Nc3 Nf6 4.e3 e6 5.Nf3 a6 6.Bd3 dxc4 7.Bxc4 b5 8.Be2 Bb7
9.O-O Nbd7 10.e4 c5 11.d5 exd5 12.e5 Ne4 13.Nxd5 Nxe5 14.Nxe5 Qxd5 15.Qxd5 Bxd5
16.Rd1 Be6 17.Bf3 f5 18.a4 bxa4 19.Re1 Bb3 20.Nc4 Be7 21.Nb6 Kf7 22.Nxa4 Rhd8
23.Be3 Rac8 24.Bxe4 fxe4 25.Nc3 Rc6 26.Nxe4 h6 27.Bd2 Re6 28.Bc3 c4 29.f3 Rd5
30.Re2 Bd8 31.Rd2 Rxd2 32.Nxd2 Bb6+ 33.Kh1 Be3 34.h3 Bxd2 35.Bxd2 Rd6 36.Bc3 Rd1+
37.Rxd1 Bxd1 38.Kg1 h5 39.Kf2 g6 40.Ke3 Ke6 41.Ke4  1/2-1/2

[Event "Nakhchivan Open A 2013"]
[Site "Nakhchivan AZE"]
[Date "2013.05.01"]
[Round "9.27"]
[White "Mamedjarova,Z"]
[Black "Mamedjarova,T"]
[Result "0-1"]
[WhiteElo "2285"]
[BlackElo "2240"]

1.d4 d5 2.c4 e6 3.Nc3 Nf6 4.Nf3 c6 5.e3 Bd6 6.Bd3 O-O 7.e4 dxe4 8.Nxe4 Nxe4
9.Bxe4 h6 10.O-O Nd7 11.Bc2 Nf6 12.Re1 c5 13.d5 exd5 14.cxd5 Nxd5 15.b3 Nb4
16.Be4 Qf6 17.Ba3 Rd8 18.Bxb4 Bxh2+  0-1

[Event "Alekhine Mem"]
[Site "Paris/St Petersburg FRA/RUS"]
[Date "2013.05.01"]
[Round "9"]
[White "Gelfand,B"]
[Black "Anand,V"]
[Result "1/2-1/2"]
[WhiteElo "2739"]
[BlackElo "2783"]

1.d4 Nf6 2.c4 e6 3.Nf3 d5 4.Nc3 c6 5.e3 Nbd7 6.Qc2 Bd6 7.Bd3 O-O 8.O-O e5
9.cxd5 cxd5 10.e4 exd4 11.Nxd5 Nxd5 12.exd5 h6 13.Nxd4 Qh4 14.Nf3 Qh5 15.Bh7+ Kh8
16.Qf5 Qxf5 17.Bxf5 Nf6 18.Bxc8 Rfxc8 19.Rd1 Rd8 20.Be3 Bf8 21.d6 Rxd6 22.Rxd6 Bxd6
23.Bd4 Ne8 24.Rc1 Kg8 25.Kf1 Nc7 26.Rd1 Ne8 27.Be3 a6 28.Nh4 Be5 29.b3 Nf6
30.Nf5 Re8 31.Bd4 g6 32.Nd6 Bxd6 33.Bxf6 Re6 34.Bc3 f5 35.h3 h5 36.Re1 Kf7
37.Rxe6 Kxe6 38.Ke2 Kd5 39.Kd3 b5 40.f3 Bg3  1/2-1/2

[Event "Mistrzostwa Malopolski A"]
[Site "Krakow POL"]
[Date "2013.05.02"]
[Round "5.12"]
[White "Zajac,Mat"]
[Black "Zadlo,Ma"]
[Result "1/2-1/2"]
[WhiteElo "2060"]
[BlackElo "1814"]

1.d4 d5 2.c4 c6 3.Nc3 Nf6 4.e3 e6 5.Nf3 Nbd7 6.Bd3 dxc4 7.Bxc4 b5 8.Be2 a6
9.O-O Be7 10.e4 Bb7 11.e5 Nd5 12.a4 Nxc3 13.bxc3 Nb6 14.a5 Nd5 15.Qb3 Qc7
16.c4 bxc4 17.Bxc4 c5 18.Rb1 Bc6 19.Ba3 O-O 20.Bxc5 Bxc5 21.dxc5 Qxa5 22.Rfc1 Qc7
23.Nd4 Rfb8 24.Qg3 Rxb1 25.Rxb1 a5 26.Nxc6 Qxc6 27.Bxd5 Qxd5 28.Qc3 g6 29.c6 Rc8
30.c7 Qd7 31.Rc1 a4 32.h4 h5 33.Qc5 Kg7 34.Qd6 Qb5 35.Qd8 Qb7 36.Kh2 a3 37.Qf6+ Kg8
38.Qd8+ Kg7 39.Rc2 a2 40.Qf6+ Kg8 41.Rxa2 Qxc7 42.g3 Qd8 43.Qf4 Qd3 44.Ra7  1/2-1/2

[Event "31st Liechtenstein Open 2013"]
[Site "Triesen LIE"]
[Date "2013.05.03"]
[Round "1.5"]
[White "Farago,I"]
[Black "Tarnutzer,W"]
[Result "1-0"]
[WhiteElo "2445"]
[BlackElo "2007"]

1.d4 d5 2.c4 c6 3.Nc3 Nf6 4.e3 e6 5.Nf3 Nbd7 6.Qc2 Be7 7.b3 b6 8.Bd3 Ba6
9.O-O h6 10.Bb2 Rc8 11.Rad1 Qc7 12.Qe2 O-O 13.Ne5 Nxe5 14.dxe5 Nd7 15.f4 dxc4
16.bxc4 Bb7 17.Ne4 Nc5 18.Nf6+ Kh8 19.Bb1 g6 20.h4 Bxf6 21.exf6 Rcd8 22.h5 Rg8
23.hxg6 Rxg6 24.Bxg6 fxg6 25.Qc2 Kh7 26.Rxd8 Qxd8 27.f7 Qf8 28.Qc3  1-0

[Event "ch-USA w 2013"]
[Site "Saint Louis USA"]
[Date "2013.05.04"]
[Round "2"]
[White "Ni,V"]
[Black "Kats,A"]
[Result "1/2-1/2"]
[WhiteElo "2262"]
[BlackElo "2144"]

1.d4 d5 2.c4 c6 3.Nc3 Nf6 4.e3 e6 5.Nf3 Nbd7 6.Bd3 dxc4 7.Bxc4 b5 8.Bd3 a6
9.e4 c5 10.d5 Bb7 11.O-O Qc7 12.Bg5 c4 13.Bc2 O-O-O 14.Re1 Bd6 15.b3 Bb4
16.Bd2 Qa5 17.a3 Bxc3 18.b4 Qc7 19.Bxc3 exd5 20.e5 Ne4 21.Bd4 f6 22.exf6 gxf6
23.a4 Rhg8 24.axb5 axb5 25.Ra7 Ne5 26.Ra5 Bc6 27.Ra7 Bb7 28.Ra5 Bc6 29.Ra7 Bb7
30.Ra5 Bc6  1/2-1/2

[Event "Catalan Championship 2013"]
[Site "Barcelona ESP"]
[Date "2013.05.05"]
[Round "1.2"]
[White "Ramon Solans,A"]
[Black "Alonso Rosell,A"]
[Result "0-1"]
[WhiteElo "2316"]
[BlackElo "2547"]

1.d4 d5 2.Nf3 Nf6 3.c4 c6 4.Nc3 e6 5.e3 Nbd7 6.cxd5 exd5 7.Bd3 Bd6 8.Qc2 O-O
9.g4 g6 10.Bd2 Nxg4 11.h3 Ngf6 12.O-O-O c5 13.Rdg1 c4 14.Bf5 Kh8 15.e4 dxe4
16.Nxe4 Nxe4 17.Bxe4 Nf6 18.Bg5 Be7 19.h4 Nxe4 20.Qxe4 f6 21.Bd2 Bf5 22.Qe3 Bd6
23.h5 g5 24.Ne5 fxe5 25.dxe5 Be7 26.Bc3 Qd3 27.e6+ Bf6 28.Qxd3 cxd3 29.e7 Rf7
30.Rxg5 Bxc3 31.bxc3 h6  0-1

[Event "Oceania Open zt 2013"]
[Site "Nadi FIJ"]
[Date "2013.05.05"]
[Round "2.9"]
[White "Safarian,Al"]
[Black "Zelesco,Karl"]
[Result "1-0"]
[WhiteElo "2011"]
[BlackElo "2169"]

1.d4 d5 2.c4 c6 3.Nc3 Nf6 4.Nf3 e6 5.e3 Nbd7 6.Bd3 dxc4 7.Bxc4 b5 8.Bd3 Bb7
9.e4 b4 10.Na4 c5 11.e5 Nd5 12.O-O Be7 13.Qe2 O-O 14.Rd1 cxd4 15.Nxd4 Qc7
16.f4 Nc5 17.Bc2 Rfd8 18.Kh1 Rac8 19.f5 Ba6 20.Qe1 Nxa4 21.Bxa4 Nb6 22.Bb3 Bc5
23.Nf3 exf5 24.e6 Bc4 25.Bxc4 Nxc4 26.b3 Rxd1 27.exf7+ Qxf7 28.Qxd1 Ne3 29.Bxe3 Bxe3
30.Qe1 Qf6 31.Rd1 Qc3 32.Qg3 f4 33.Qg4 Re8 34.Qd7 Rf8 35.Qe6+ Kh8 36.Ne5 g6
37.Qe7 Bc5 38.Nf7+ Kg7 39.Nd6+ Kg8 40.Qe6+ Kh8 41.Nf7+ Kg7 42.Ng5 f3 43.gxf3 Rxf3
44.Qd7+ Kh6 45.Qg4 Re3 46.Qh4+ Kg7 47.Qxh7+ Kf6 48.Qf7+ Kxg5 49.Rg1+ Kh6
50.Qxg6+  1-0

[Event "31st Liechtenstein Open 2013"]
[Site "Triesen LIE"]
[Date "2013.05.05"]
[Round "3.10"]
[White "Farago,I"]
[Black "Partenheimer,A"]
[Result "1-0"]
[WhiteElo "2445"]
[BlackElo "2172"]

1.d4 d5 2.c4 c6 3.Nc3 Nf6 4.e3 e6 5.Nf3 Nbd7 6.Qc2 Bd6 7.Bd3 O-O 8.O-O dxc4
9.Bxc4 Qe7 10.Bd2 a6 11.a4 c5 12.dxc5 Bxc5 13.e4 Bd6 14.Kh1 Ng4 15.Bg5 f6
16.Bh4 Nde5 17.Nxe5 Nxe5 18.Bb3 Ng6 19.Bg3 Bxg3 20.hxg3 Bd7 21.f4 Kh8 22.Rad1 Rfd8
23.Rd3 Bc6 24.Rfd1 Nf8 25.Qd2 Rd7 26.Rxd7 Qxd7 27.Qxd7 Bxd7 28.Kg1 Re8 29.Kf2 Bc8
30.Rd6 Kg8 31.Rb6 Re7 32.a5 Kf7 33.f5 Ke8 34.fxe6 Kd8 35.Ke3 Bxe6 36.Bxe6 Nxe6
37.Nd5 Re8 38.Rxb7  1-0

[Event "Old Capital Open 2013"]
[Site "Veliko Tarnovo BUL"]
[Date "2013.05.05"]
[Round "8.4"]
[White "Drenchev,P"]
[Black "Stanojoski,Z"]
[Result "0-1"]
[WhiteElo "2490"]
[BlackElo "2399"]

1.d4 d5 2.c4 e6 3.Nf3 Nf6 4.Nc3 c6 5.e3 Nbd7 6.Qc2 Bd6 7.Bd3 O-O 8.O-O Qe7
9.Rd1 dxc4 10.Bxc4 e5 11.h3 e4 12.Ng5 Nb6 13.Bb3 Bf5 14.f3 Nbd5 15.Ngxe4 Nxe4
16.Nxe4 Rae8 17.Qf2 Bxe4 18.fxe4 Qxe4 19.Bc2 Bg3 20.Bxe4 Bxf2+ 21.Kxf2 Rxe4
22.Rd3 f5 23.Bd2 g5 24.a4 a6 25.b4 b5 26.axb5 axb5 27.Ra6 Re6 28.g3 h5 29.Rda3 Nf6
30.Kf3 Kg7 31.Ra8 Rf7 32.R3a7 g4+ 33.hxg4 hxg4+ 34.Kg2 Rxa7 35.Rxa7+ Kg6
36.Ra6 Nd5 37.Kf2 Kf6 38.Ra7 Re8 39.Ra6 Rd8 40.Ke2 Ke6 41.Kd3 Nf6 42.Be1 Ne4
43.Ra7 Rh8 44.Rc7 Rh1 45.Ke2 Kd5 46.Rf7 Nd6 47.Rd7 Rh8 48.Kd3 Ra8 49.Ke2 Ke6
50.Rc7 Ra6 51.Kd3 Ne4 52.Ke2 Kd5 53.Rf7 Kc4 54.Rxf5 Ra2+ 55.Kf1 Kd3 56.Rf4 Kxe3
57.Rxg4 Ra1 58.Rg6 Nd2+ 59.Kg2 Rxe1 60.Rxc6 Re2+ 61.Kh3 Kxd4 62.g4 Ne4  0-1

[Event "Asian Zonal 3.1 w 2013"]
[Site "Doha QAT"]
[Date "2013.05.06"]
[Round "3.4"]
[White "Hejazipour,M"]
[Black "Al Khelaifi,S"]
[Result "1-0"]
[WhiteElo "2236"]
[BlackElo "1810"]

1.d4 d5 2.Nf3 Nf6 3.c4 e6 4.Nc3 c6 5.e3 Nbd7 6.Qc2 Bd6 7.Bd3 Qe7 8.O-O O-O
9.h3 h6 10.b3 dxc4 11.Bxc4 e5 12.Nh4 Qd8 13.Nf5 Bc7 14.Ba3 Re8 15.Nxh6+ gxh6
16.Qg6+ Kh8 17.Bxf7 Rg8 18.Qxh6+ Nh7 19.Bxg8 Qxg8 20.Ne4 Qg7 21.Qh5 Nf6 22.Nxf6 Qxf6
23.Bb2 Be6 24.dxe5 Qe7 25.f4 Rg8 26.Qf3 Qh4 27.Kh2 Rg7 28.e4 Bg4 29.Qf2 Qh5
30.Qxa7 Bxh3 31.gxh3 Qe2+ 32.Qf2 Qxe4 33.Rae1 Qd5 34.Rg1 Bb6 35.Qe2 Rxg1
36.Rxg1 Bxg1+ 37.Kxg1 Qc5+ 38.Qf2 Qd5 39.e6+ Kg8 40.Qg3+ Kf8 41.Qg7+ Ke8
42.Qf7+ Kd8 43.e7+  1-0

[Event "14th Euro Indiv 2013"]
[Site "Legnica POL"]
[Date "2013.05.06"]
[Round "2.87"]
[White "Maiorov,N1"]
[Black "Xylogiannopoulos,A"]
[Result "1-0"]
[WhiteElo "2535"]
[BlackElo "2147"]

1.d4 d5 2.c4 c6 3.Nc3 Nf6 4.e3 e6 5.Nf3 Nbd7 6.Qc2 Bd6 7.b3 O-O 8.Be2 e5
9.Bb2 e4 10.Nd2 a6 11.g4 b5 12.g5 b4 13.Na4 Ne8 14.cxd5 cxd5 15.Qc6 Rb8 16.Qxd5 g6
17.Nc5 Nb6 18.Qc6 Bxc5 19.Qxc5 Nd7 20.Qc2 Qxg5 21.h4 Qd8 22.h5 g5 23.Nxe4 Bb7
24.Rg1 Rc8 25.Qd3 h6 26.d5 f5 27.Qd4 Ndf6 28.Nxf6+ Nxf6 29.Rd1 Qd6 30.f4 g4
31.e4 Qxf4 32.exf5 Qg5 33.Bxg4 Qh4+ 34.Qf2 Qxf2+ 35.Kxf2 Rc2+ 36.Be2+ Kf7
37.Bxf6 Re8 38.Rde1 Kxf6 39.Rg6+ Kxf5 40.Kf1 Kf4 41.Rg4+ Kf5 42.Rg7 Rxa2
43.Rxb7 Kg5 44.Rf7 Kh4 45.Kf2 Rd2 46.Rh1+  1-0

[Event "14th Euro Indiv 2013"]
[Site "Legnica POL"]
[Date "2013.05.06"]
[Round "2.56"]
[White "Jakovenko,D"]
[Black "Muzychuk,M"]
[Result "1-0"]
[WhiteElo "2731"]
[BlackElo "2483"]

1.d4 d5 2.c4 c6 3.Nc3 Nf6 4.e3 e6 5.Nf3 Nbd7 6.Qc2 Bd6 7.Be2 O-O 8.O-O dxc4
9.Bxc4 b5 10.Be2 a6 11.e4 e5 12.Bg5 Re8 13.Rad1 Qc7 14.Kh1 exd4 15.Nxd4 b4
16.Nf5 Bf4 17.Bxf4 Qxf4 18.Na4 Nxe4 19.Qxc6 Rb8 20.Ng3 Ndf6 21.Nxe4 Qxe4
22.Qxe4 Nxe4 23.f3 Nf6 24.Rf2 Be6 25.Nc5 Bxa2 26.Nxa6 Rb6 27.Bf1 g6 28.Kg1 Re5
29.Rfd2 Nd5 30.Ra1 b3 31.Nc5 Nf6 32.Rd8+ Kg7 33.Nd3 Rd5 34.Rxd5 Nxd5 35.Rc1 Ne3
36.Be2 Nc2 37.Kf2 Re6 38.Nf4 Rd6 39.Rd1 Rxd1 40.Bxd1 Na1 41.Ke3 Bb1 42.Nd5 g5
43.Kd2 f5 44.g3 h5 45.Nb4 Kf6 46.Kc1 Ba2 47.f4 h4 48.Be2 hxg3 49.hxg3 gxf4
50.gxf4 Nc2 51.Nxc2 bxc2 52.Kxc2 Be6 53.Kc3 Ke7 54.b4 Kd6 55.Kd4 Bd7 56.b5 Be8
57.Bd3 Bd7 58.Kc4 Bc8 59.Bc2 Bd7 60.Kb4 Bc8 61.Bb1 Bd7 62.Ka5 Kc7 63.Ka6 Kb8
64.Kb6 Bc8 65.Bc2 Bd7 66.Bd3 Be6 67.Kc6 Bc8 68.Bb1 Be6 69.Kb6 Bd7 70.Ba2 Bc8
71.Bd5 Bd7 72.Bc4 Bc8 73.Kc6 Bb7+ 74.Kc5 Kc7 75.Bd5 Bc8 76.b6+ Kb8 77.Kd4 Ba6
78.Bc4 Bb7 79.Ke5 Bc8 80.Bd5 Bd7 81.Bf3 Bc8 82.Bc6  1-0

[Event "ch-USA 2013"]
[Site "Saint Louis USA"]
[Date "2013.05.06"]
[Round "4"]
[White "Shankland,S"]
[Black "Stripunsky,A"]
[Result "1-0"]
[WhiteElo "2612"]
[BlackElo "2570"]

1.d4 d5 2.c4 c6 3.Nf3 Nf6 4.Nc3 e6 5.e3 Nbd7 6.Qc2 Bd6 7.Bd3 O-O 8.O-O dxc4
9.Bxc4 a6 10.e4 e5 11.Rd1 Qc7 12.h3 exd4 13.Nxd4 Nc5 14.a4 Re8 15.f3 Ne6
16.Be3 Nxd4 17.Bxd4 Nh5 18.Ne2 Be6 19.Bxe6 Rxe6 20.Rd3 Rae8 21.Be3 Nf4 22.Bxf4 Bxf4
23.Nxf4 Qxf4 24.Rad1 h5 25.Rd8 Rxd8 26.Rxd8+ Kh7 27.Qd2 Qxd2 28.Rxd2 b5 29.Rd7 Kg6
30.Ra7 c5 31.axb5 axb5 32.Rc7 Re5 33.g4 hxg4 34.hxg4 Kf6 35.Kf2 g5 36.Ke3 Ke6
37.Rb7 b4 38.Kd3 f6 39.Kc4 Kd6 40.Rb6+ Ke7 41.Rc6  1-0

[Event "ch-USA 2013"]
[Site "Saint Louis USA"]
[Date "2013.05.06"]
[Round "4"]
[White "Ramirez,Alej"]
[Black "Hess,Ro"]
[Result "1-0"]
[WhiteElo "2551"]
[BlackElo "2595"]

1.d4 d5 2.c4 c6 3.Nf3 Nf6 4.Nc3 e6 5.e3 Nbd7 6.Qc2 b6 7.Bd3 Bb7 8.O-O Be7
9.b3 O-O 10.Bb2 Rc8 11.Rad1 Qc7 12.Ne5 Rfd8 13.f4 c5 14.Qe2 dxc4 15.bxc4 Nf8
16.f5 cxd4 17.exd4 a6 18.fxe6 Nxe6 19.Nd5 Bxd5 20.cxd5 Rxd5 21.Bxa6 Rcd8
22.Rc1 Qd6 23.Rc6 Qb4 24.Bc4 Nxd4 25.Bxd4 Rxd4 26.Nxf7 Bc5 27.Nxd8+ Rxc4+
28.Kh1 Re4 29.Qf3 Re1 30.Re6 Rxf1+ 31.Qxf1 h5 32.Re2 Bd6 33.Ne6 Qh4 34.g3 Qa4
35.Qf3 h4 36.Ng5 hxg3 37.hxg3 Qb5 38.Qa8+ Bf8 39.Ne6 Nd7 40.Rf2 Qb4 41.Nxf8 Nxf8
42.Qd5+  1-0

[Event "14th Euro Indiv 2013"]
[Site "Legnica POL"]
[Date "2013.05.07"]
[Round "3.83"]
[White "Kraemer,Mart"]
[Black "Mazur,Ste"]
[Result "1/2-1/2"]
[WhiteElo "2544"]
[BlackElo "2402"]

1.d4 d5 2.c4 c6 3.Nc3 Nf6 4.e3 e6 5.Nf3 Nbd7 6.Qc2 Bd6 7.Bd3 O-O 8.O-O dxc4
9.Bxc4 b5 10.Be2 Bb7 11.e4 e5 12.dxe5 Nxe5 13.Nd4 b4 14.Na4 Neg4 15.g3 Bxg3
16.hxg3 Qxd4 17.Nc5 Bc8 18.Bf4 Nh5 19.Rad1 Qf6 20.Bc1 Qg6 21.Qd2 Nxg3 22.fxg3 Qh5
23.Bxg4 Qxc5+ 24.Qd4 Qxd4+ 25.Rxd4 Bxg4 26.Rxb4 Be6 27.Be3 Bxa2 28.Ra1 a5
29.Rb6 Be6 30.Rxc6 a4 31.Rd1 h6 32.Kf2 Rfb8 33.Rd2 Rb4 34.Bd4 Kh7 35.Rd3 Re8
36.Rc7 Kg6 37.Kf3 Bc8 38.Bc3 Rb3 39.Rd6+ Re6 40.Rxe6+ Bxe6 41.Ra7 a3 42.Rxa3 Rxa3
43.bxa3  1/2-1/2

[Event "14th Euro Indiv 2013"]
[Site "Legnica POL"]
[Date "2013.05.07"]
[Round "3.14"]
[White "Romanov,E"]
[Black "Kreisl,R"]
[Result "1-0"]
[WhiteElo "2640"]
[BlackElo "2380"]

1.d4 d5 2.c4 c6 3.Nc3 Nf6 4.e3 e6 5.Nf3 Nbd7 6.Bd3 dxc4 7.Bxc4 b5 8.Bd3 Bb7
9.a3 Bd6 10.O-O O-O 11.Bd2 a6 12.b4 e5 13.Ng5 exd4 14.exd4 h6 15.Nge4 Nxe4
16.Nxe4 Nf6 17.Qf3 Nd5 18.h3 Qd7 19.Rae1 Rae8 20.Bc2 Bc8 21.Ng3 Rxe1 22.Rxe1 Re8
23.Rc1 Bxg3 24.Qxg3 Qc7 25.Qxc7 Nxc7 26.Bd1 Bb7 27.Bf3 Nd5 28.Kh2 Rd8 29.g4 g5
30.h4 f6 31.Kg3 Kg7 32.Re1 Kf7 33.Be4 Nb6 34.Be3 gxh4+ 35.Kxh4 Nc4 36.Bxh6 Rxd4
37.Kh5 Ne5 38.g5 fxg5 39.Bxg5 Bc8 40.f4 Bg4+ 41.Kh6 Rd6+ 42.Kh7 Nd7 43.Bg6+ Rxg6
44.Re7+ Kf8 45.Kxg6  1-0

[Event "ch-USA 2013"]
[Site "Saint Louis USA"]
[Date "2013.05.07"]
[Round "5"]
[White "Norowitz,Yaacov"]
[Black "Kaidanov,G"]
[Result "1/2-1/2"]
[WhiteElo "2451"]
[BlackElo "2593"]

1.d4 d5 2.c4 e6 3.Nf3 Nf6 4.Nc3 c6 5.e3 Nbd7 6.b3 Bb4 7.Bd2 Qe7 8.Qc2 O-O
9.Be2 dxc4 10.bxc4 e5 11.O-O Re8 12.Rab1 a5 13.Na4 exd4 14.Nxd4 Ne4 15.Bc1 g6
16.Bd3 Nec5 17.Nxc5 Bxc5 18.Nf3 Bd6 19.Bb2 Ne5 20.Nxe5 Bxe5 21.Bxe5 Qxe5
22.Rfd1 Re7 23.Qb2 Qxb2 24.Rxb2 Be6 25.Bf1 Kf8 26.f3 Ke8 27.Kf2 Rd8 28.Rd4 Red7
29.Rbd2 c5 30.Rxd7 Rxd7 31.Rxd7 Kxd7 32.a3 Kd6 33.Ke1 Bd7  1/2-1/2

[Event "31st Liechtenstein Open 2013"]
[Site "Triesen LIE"]
[Date "2013.05.07"]
[Round "5.11"]
[White "Benes,Pe1"]
[Black "Friedrich,N"]
[Result "0-1"]
[WhiteElo "2097"]
[BlackElo "2334"]

1.d4 Nf6 2.c4 c6 3.Nc3 d5 4.e3 e6 5.Nf3 Nbd7 6.Qc2 Be7 7.b3 O-O 8.Bb2 b6
9.Be2 Bb7 10.O-O Qc7 11.Rac1 Rad8 12.Ne5 dxc4 13.Nxd7 Rxd7 14.bxc4 c5 15.Nb5 Qb8
16.Rfd1 Rfd8 17.dxc5 Bxc5 18.Rxd7 Rxd7 19.Rd1 a6 20.Nc3 Bd6 21.h3 Qc7 22.Qb3 Bh2+
23.Kh1 Be5 24.f4 Bd6 25.Qa4 Ne4 26.Kg1 Ng3 27.Bf3 Bxf3 28.gxf3 Qc8 29.Kg2 Nf5  0-1